LoL Worlds Teams Quiz - Statistics

General Stats
  • This quiz has been taken 101 times
  • The average score is 15 of 17
Answer Stats
Hint Answer % Correct
LCK #4 T1
99%
LPL #1 Bilibili Gaming
98%
LEC #1 G2 Esports
96%
LCK #1 Gen.G
96%
LCK #2 Hanwha Life Esports
95%
LCK #3 KT Rolster
93%
LPL #2 Anyone's Legend
91%
LEC #2 Moviestar KOI
90%
LEC #3 Fnatic
89%
LTA #1 FlyQuest
88%
LPL #4 Invictus Gaming
88%
LPL #3 Top Esports
88%
LCP #1 CTBC Flying Oyster
85%
LTA #3 100 Thieves
80%
LCP #3 PSG Talon
79%
LTA #2 Vivo Keyd Stars
67%
LCP #2 Team Secret Whales
62%
No matching quizzes found
Score Distribution
Percent of People with Each Score
Percentile by Number Answered
Your Score History
You have not taken this quiz